000 00751nam a2200217Ii 4500
003 JO-AjNU
008 230605s9999||||xx |||||||||||||| ||und||
020 _a978-9957-02-292-1
040 _aJO-AjNU
_bara
_erda
_cJO-AjNU
041 _aara
050 1 4 _aPJ7820.A52.A72 2007
100 3 _aتأليف ديب، محمد ؛ ترجمة جروة علاوة وهبي ؛ تقديم عز الدين المناصرة,
_eauthor
_935910
245 0 0 _aألف مرحى لمتسولة (مسرحية)
250 _aط1
264 3 1 _aعمان:دار مجدلاوي،2007
300 _a86ص
336 _atext
_btxt
_2rdacontent
337 _aunmediated
_bn
_2rdamedia
338 _avolume
_bnc
_2rdacarrier
650 4 _aالأدب العربي - مسرح
_935911
999 _aA14870
_c18438
_d18438